| 000 | 00426nam a2200097Ia 4500 | ||
|---|---|---|---|
| 008 | 171204s9999 xx 000 0 und d | ||
| 245 | 4 | _aThe Tao of Epic Landscape Photography: Exalt Fine Art with the Yin-Yang Wisdom of Lao Tzu's Tao Te Ching: An Inspirational Introduction to Letting the Tao Guide Art, Business, and Life | |
| 260 | _c2016 | ||
| 650 | _xBasic Photography | ||
| 856 | _uhttp://down.ebook777.com/042/B01M6B1RMQ.pdf | ||
| 999 |
_c346256 _d346256 |
||